| 000 | 00374nam a22001337a 4500 | ||
|---|---|---|---|
| 020 | _a9780230235090 | ||
| 082 |
_a346.02 _bSTE |
||
| 100 | _aStephenson, Graham | ||
| 245 |
_aCore Statutes on Contract, Tort and Restitution 2009-2010 / _cGraham Stephenson |
||
| 260 |
_aNew York: _bPalgrave MacMillan, _c2009. |
||
| 300 | _a251 p. | ||
| 563 | _aPB. | ||
| 942 |
_2ddc _cBK |
||
| 999 |
_c613789 _d613789 |
||